000 00692nam a2200229Ia 4500
008 240729s9999 xx 000 0 und d
022 _a2090-083X
245 0 _aEgyptian Academic Journal of Biological Sciences. C, Physiology and Molecular Biology
260 _aEgypt
260 _bEgyptian Society of Biological Sciences
650 _a Biology (General)
650 _a Biology (General)
650 _a Biology (General)
650 _a Ecology | Science
650 _a Evolution
650 _a Genetics | Science
650 _a Physiology | Science
650 _aScience
856 _uhttps://doaj.org/toc/bf6f0caa09e2414a9f4c60ea7943597d
942 _2ddc
942 _cDOAJEJ
999 _c67286
_d67286
945 _a1
_bMadushi Gamage
_c1
_dMadushi Gamage